Jurkove obrázky

Bibliographic Details
Main Author: Gašparová, Eleonóra, 1925-2010 (Author)
Other Authors: Gašpar, Milan, 1925- (Illustrator)
Format: Book
Language:Slovak
PhysicalDescription:16 nečíslovaných strán farebné ilustrácie 24 cm
Published: Bratislava Mladé letá 1958
Edition:Vydanie prvé
Series:Knižnica pre najmenších
Subjects:

MARC

LEADER 00000cam a2200000 a 4500
001 vtls008311822
003 SK-MaSNL
005 20260301041145.0
008 220511s1958 xo a br 000 j slo
015 |a SNBA1959/01-00172 
020 |q (brožované) 
035 |a SK01SNK19590004039 
035 |a urn:nbn:sk:snk-am3i8ij 
035 |a AA3AE432-A30E-41D1-A82D-F446FB06AF1D 
035 |a urn:nbn:sk:snk-am00dxf3 
035 |a SKM000006502 
040 |a SNK  |b slo  |c SNK  |e AACR2 
041 0 |a slo 
044 |a xo  |c SK 
080 |a 821.162.4-32  |2 2011 
080 |a 82-93-053.4/.5  |2 2011 
100 1 |a Gašparová, Eleonóra,  |d 1925-2010  |4 aut  |9 102413 
245 1 0 |a Jurkove obrázky  |c E. Gašparová ; ilustroval M. Gašpar 
250 |a Vydanie prvé 
260 |a Bratislava  |b Mladé letá  |c 1958  |e Martin  |f Tlačiarne SNP 
300 |a 16 nečíslovaných strán  |b farebné ilustrácie  |c 24 cm 
366 |e 20300 kusov 
490 1 |a Knižnica pre najmenších 
655 7 |a slovenské príbehy  |2 SNKPH  |9 70494 
655 7 |a literatúra pre deti  |2 SNKPH  |9 87135 
700 1 |a Gašpar, Milan,  |d 1925-  |4 ill  |9 158219 
830 0 |a Knižnica pre najmenších  |9 281344 
954 |a beletria pôvodná (slovenská)  |2 lita 
958 |a TL 
958 |a DB 
958 |a RK 
958 |a BQ 
958 |a LX 
958 |a OND 
999 |c 587730  |d 589660 
952 |a SNK  |b SNK  |y PREZ  |7 0  |p 17A0825509  |o snkSC 12423  |i snkKSP 4184/58  |0 0  |1 0  |4 0  |d 2012-08-23  |f 1  |l 0  |r 2025-07-16 00:00:00  |w 2026-02-23 
952 |t P60, <05>, [BOOK], {605}  |a SNK  |b SNK  |y PREZ  |7 0  |p 17A0152568  |o snkSC 12423 D1  |0 0  |1 0  |4 0  |d 2001-06-02  |l 0  |r 2005-01-02 00:00:00  |w 2026-02-23